Fußballer mit den meisten Toren bei Weltmeisterschaften - Statistiken

Allgemein
  • Dieses Quiz wurde 1.384 mal gespielt
  • Das Durchschnittsergebnis liegt bei 7 aus 20
Antwortstatistiken
Nationalität Tore Spieler % Korrekt
Deutschland 16 Klose
97%
Brasilien 15 Ronaldo
97%
Deutschland 14 Gerd Müller
94%
Deutschland 10 Thomas Müller
94%
Brasilien 12 Pele
73%
Portugal 9 Eusebio
32%
Deutschland 11 Klinsmann
29%
Spanien 9 Villa
27%
Frankreich 13 Fontaine
20%
Deutschland 9 Rummenigge
20%
Deutschland 9 Seeler
20%
Italien 9 Baggio
19%
England 10 Lineker
16%
Deutschland 10 Rahn
14%
Argentinien 10 Batistuta
11%
Italien 9 Rossi
10%
Polen 10 Lato
6%
Ungarn 11 Kocsis
5%
Peru 10 Cubillas
3%
Brasilien 9 Ademir
1%
Keine übereinstimmenden Quizze gefunden
Verteilung der Resultate
Anzahl Personen mit jedem Resultat
Perzentil nach korrekt beantworteten Fragen
Ihre Resultats-Entwicklung
Sie haben dieses Quiz noch nicht gespielt